NBA G League Teams Affiliates - Statistics

General Stats
  • This quiz has been taken 31 times
  • The average score is 17 of 30
Answer Stats
Hint Answer % Correct
Chicago Bulls Windy City ______
93%
Detroit Pistons Motor City Cruise
81%
Portland Trailblazers Rip City Remix
78%
Charlotte Hornets Greensboro Swarm
70%
Brooklyn Nets Long Island ______
67%
Orlando Magic Osceola ______
67%
Milwaukee Bucks Wisconsin Herd
67%
Toronto Raptors ______ 905
63%
Washington Wizards Capital City Go-Go
63%
Boston Celtics Maine ______
63%
LA Lakers South Bay ______
63%
Golden State Warriors Santa Cruz ______
59%
Phoenix Suns Valley ______
59%
Atlanta Hawks College Park Skyhawks
56%
Philadelphia 76ers Delaware Blue Coats
56%
Utah Jazz Salt Lake City Stars
56%
LA Clippers San Diego ______
56%
Dallas Mavericks Texas Legends
56%
Denver Nuggets Grand Rapids Gold
52%
Memphis Grizzlies ______ Hustle
52%
Sacramento Kings Stockton ______
52%
Oklahoma City Thunder ______ Blue
48%
New York Knicks Westchester ______
48%
Cleveland Cavaliers ______ Charge
44%
Minnesota Timberwolves Iowa ______
44%
San Antonio Spurs Austin ______
41%
New Orleans Pelicans Birmingham Squadron
41%
Houston Rockets Rio Grande Valley Vipers
41%
Indiana Pacers Noblesville Boom
30%
Miami Heat Sioux Falls Skyforce
30%
No matching quizzes found
Score Distribution
Percent of People with Each Score
Percentile by Number Answered
Your Score History
You have not taken this quiz